000 00535cam a22001932 4500
001 0000000613
005 20170406112736.0
008 131114s xx 000 0 eng d
020 _c$
040 _aYour Holding Symbol
_cYour Holding Symbol
100 1 _aMoran,Gabriel.F.S.C.
245 1 0 _aSCRIPTURE AND TRADITION :
_ba survey of the controversy.
250 _a ed.
260 _anew york :
_bherder and herder.
300 _a 127 p. ;
_c cm.
504 _aindex.
650 0 _aphilosophy.
908 _a131114
999 _c539
_d539